| 000 | 00763nam a22002417a 4500 | ||
|---|---|---|---|
| 003 | OSt | ||
| 005 | 20140310181927.0 | ||
| 008 | 130720t xxu||||| |||| 00| 0 eng d | ||
| 020 | _a043928838x | ||
| 050 |
_aLB 1573 _b.B647 2001 |
||
| 082 |
_aTRE 428.3 _bB61 2001 |
||
| 100 |
_aBlevins, Wiley _91017 |
||
| 245 |
_aBuilding fluency : _blessons and strategies for reading success / _cWiley Blevins |
||
| 260 |
_aNew York : _bScholastic, _cc2001. |
||
| 300 |
_a80 p. _bill. ; _c28 cm. |
||
| 521 | _aFaculty | ||
| 541 | _j1 | ||
| 562 | _e1 | ||
| 650 |
_aEnglish language _xTextbooks for foreign speakers _92438 |
||
| 650 |
_aEnglish language _xSpeakers _92439 |
||
| 650 |
_aEnglish _xUnited States _xProblems, exercises. _92440 |
||
| 942 |
_2lcc _cBK-TR _kTRE |
||
| 999 |
_c7223 _d7223 |
||